[Event "Rated Blitz game"]
[Site "?"]
[Date "2021.07.31"]
[Round "?"]
[White "Elfugitivo"]
[Black "Juliateacher"]
[Result "1/2-1/2"]
[WhiteElo "2743"]
[BlackElo "2603"]
[PlyCount "118"]
[EventDate "2021.??.??"]
[EventType "blitz"]

1. e4 e5 2. Nf3 d5 3. Nxe5 Bd6 4. d4 dxe4 5. Nc3 Bxe5 6. dxe5 Qxd1+ 7. Nxd1 Nc6
8. Nc3 Bf5 9. Bf4 O-O-O 10. Bc4 Bg6 11. O-O Nge7 12. Rfd1 Nd4 13. Rac1 c6 14.
Be3 b5 15. Bxd4 bxc4 16. Bxa7 Kb7 17. Bc5 Nd5 18. Na4 Nf4 19. Kf1 Rd5 20. Be3
Ne6 21. b3 cxb3 22. cxb3 Rhd8 23. Ke1 Bh5 24. Rd2 Rxd2 25. Bxd2 Rd5 26. Bc3 Nf4
27. Kf1 Be2+ 28. Kg1 Bb5 29. Rb1 Ne2+ 30. Kh1 Kc8 31. Be1 Bxa4 32. bxa4 Rxe5
33. Rb2 Nf4 34. Rc2 Kb7 35. h3 Nd3 36. Re2 f5 37. Bc3 Re7 38. Kg1 Ka6 39. f3 g6
40. fxe4 fxe4 41. Re3 Nf4 42. Kf1 Nd5 43. Rg3 e3 44. Bd4 Re4 45. Bc5 e2+ 46.
Ke1 Nf4 47. Be3 Rxe3 48. Rxe3 Nxg2+ 49. Kxe2 Nxe3 50. Kxe3 Ka5 51. Kd4 Kxa4 52.
Kc5 g5 53. Kxc6 h5 54. Kd5 g4 55. hxg4 hxg4 56. Ke4 g3 57. Kf3 g2 58. Kxg2 Ka3
59. Kf2 Kxa2 {Normal} 1/2-1/2

[Event "Rated Blitz game"]
[Site "?"]
[Date "2021.07.31"]
[Round "?"]
[White "natanp"]
[Black "Chesspirate_Channel"]
[Result "0-1"]
[WhiteElo "2463"]
[BlackElo "2346"]
[PlyCount "66"]
[EventDate "2021.??.??"]
[EventType "blitz"]

1. e4 e5 2. Nf3 d5 3. d4 dxe4 4. Nxe5 Bd6 5. Bf4 Nf6 6. c4 O-O 7. Nc3 Nc6 8.
Nxc6 bxc6 9. Be3 Rb8 10. Qd2 Ng4 11. Be2 Nxe3 12. fxe3 Qh4+ 13. g3 Bxg3+ 14.
Kd1 Bd6 15. Kc2 f5 16. Raf1 c5 17. dxc5 Be7 18. Rhg1 Kh8 19. a3 Bxc5 20. b4 Be7
21. Nd5 Bf6 22. Nxc7 Rd8 23. Nd5 Be6 24. Kb3 Bxd5 25. cxd5 Qxh2 26. Rh1 Qe5 27.
Bc4 a5 28. d6 Rxd6 29. Rxh7+ Kxh7 30. Rh1+ Kg6 31. Rg1+ Bg5 32. Rxg5+ Kxg5 33.
Qg2+ Kf6 {Normal} 0-1

[Event "Rated Blitz game"]
[Site "?"]
[Date "2021.07.31"]
[Round "?"]
[White "joseag1303"]
[Black "gooddave2017"]
[Result "0-1"]
[WhiteElo "2509"]
[BlackElo "2614"]
[PlyCount "94"]
[EventDate "2021.??.??"]
[EventType "blitz"]

1. e4 e5 2. Nf3 d5 3. Nxe5 Bd6 4. d4 dxe4 5. Nc4 Nf6 6. Bg5 h6 7. Bh4 Be7 8.
Ne3 O-O 9. c4 Nc6 10. d5 Ne5 11. Nc3 Nxd5 12. Qxd5 Qxd5 13. Ncxd5 Bxh4 14. Nxc7
Rb8 15. O-O-O Bxf2 16. Ned5 Bg4 17. b3 Bxd1 18. Kxd1 Rfd8 19. Kc2 Bd4 20. Be2
a6 21. Rd1 Bc5 22. Re1 f5 23. Ne6 Rdc8 24. Rf1 g6 25. g4 Nf3 26. gxf5 gxf5 27.
Bxf3 exf3 28. Rxf3 Kf7 29. Nxc5 Rxc5 30. Rxf5+ Ke6 31. Rf6+ Ke5 32. Rxh6 Rf8
33. h4 b5 34. Rh5+ Rf5 35. Rxf5+ Kxf5 36. Kc3 bxc4 37. bxc4 Kg4 38. Kd4 Ra5 39.
c5 Rxa2 40. c6 Ra4+ 41. Kc5 Ra1 42. c7 Rc1+ 43. Kd6 a5 44. Nb6 Kxh4 45. c8=Q
Rxc8 46. Nxc8 a4 47. Nb6 a3 {Time forfeit} 0-1

[Event "Rated Blitz game"]
[Site "?"]
[Date "2021.07.31"]
[Round "?"]
[White "Davigator"]
[Black "KinzyabulatovRenat"]
[Result "0-1"]
[WhiteElo "2513"]
[BlackElo "2466"]
[PlyCount "46"]
[EventDate "2021.??.??"]
[EventType "blitz"]

1. e4 e5 2. Nf3 d5 3. Nxe5 Bd6 4. d4 dxe4 5. Nc4 Be7 6. Be3 Nf6 7. Be2 Nc6 8.
a4 O-O 9. c3 Nd5 10. Nbd2 Nxe3 11. Nxe3 f5 12. Qb3+ Kh8 13. Nd5 Bd6 14. Nc4 Be6
15. Nce3 f4 16. Nc2 Na5 17. Qa2 c6 18. b4 Bxd5 19. c4 Be6 20. bxa5 Qxa5+ 21.
Kf1 f3 22. gxf3 Bh3+ 23. Kg1 Qg5# {Normal} 0-1

[Event "Rated Blitz tournament JvjT1Ic4"]
[Site "?"]
[Date "2021.07.31"]
[Round "?"]
[White "Ginzburg_Yakov"]
[Black "geptil"]
[Result "0-1"]
[WhiteElo "2417"]
[BlackElo "2363"]
[PlyCount "122"]
[EventDate "2021.??.??"]
[EventType "blitz"]

1. e4 e5 2. Nf3 d5 3. exd5 e4 4. Qe2 Nf6 5. d3 Qxd5 6. dxe4 Qxe4 7. Nc3 Bb4 8.
Bd2 Qxe2+ 9. Bxe2 Nc6 10. O-O-O O-O 11. Nb5 Bd6 12. Nxd6 cxd6 13. Rhe1 Bf5 14.
Bf4 d5 15. Nd4 Nxd4 16. Rxd4 Rfe8 17. Kd1 Rac8 18. Bd3 Rxe1+ 19. Kxe1 Bxd3 20.
cxd3 Rc2 21. Rb4 b6 22. Be3 Kf8 23. Kd1 Rc6 24. h3 Ke7 25. a4 Kd7 26. a5 bxa5
27. Rb7+ Rc7 28. Rxc7+ Kxc7 29. Bxa7 a4 30. Bd4 Ne8 31. Be5+ Kd7 32. Kc2 f6 33.
Bf4 Kc6 34. Kc3 Kc5 35. h4 d4+ 36. Kc2 g6 37. g4 Ng7 38. b3 axb3+ 39. Kxb3 Ne6
40. Bc1 Kd5 41. f4 f5 42. g5 Nc5+ 43. Kc2 Na4 44. Bd2 Nb6 45. Kb3 Nd7 46. Kb4
Nc5 47. Kb5 Nxd3 48. Kb6 Nf2 49. Kc7 Ne4 50. Be1 d3 51. Kd7 d2 52. Bxd2 Nxd2
53. Ke7 Nf3 54. h5 gxh5 55. Kf6 h4 56. Kg7 h3 57. Kxh7 h2 58. g6 h1=Q+ 59. Kg8
Qh6 60. g7 Nd4 61. Kf7 Qh7 {Time forfeit} 0-1

[Event "Rated Blitz game"]
[Site "?"]
[Date "2021.07.31"]
[Round "?"]
[White "Chrysopelea"]
[Black "KamranShirazi"]
[Result "0-1"]
[WhiteElo "2348"]
[BlackElo "2506"]
[PlyCount "24"]
[EventDate "2021.??.??"]
[EventType "blitz"]

1. e4 e5 2. Nf3 d5 3. Nxe5 Bd6 4. d4 dxe4 5. Bc4 Bxe5 6. dxe5 Qxd1+ 7. Kxd1
Bg4+ 8. Be2 Bxe2+ 9. Kxe2 Nc6 10. Bf4 Nd4+ 11. Kd2 O-O-O 12. Kc3 Ne2+ {Normal}
0-1

[Event "Rated Blitz game"]
[Site "?"]
[Date "2021.07.31"]
[Round "?"]
[White "sergejmilosevic"]
[Black "KinzyabulatovRenat"]
[Result "0-1"]
[WhiteElo "2496"]
[BlackElo "2407"]
[PlyCount "26"]
[EventDate "2021.??.??"]
[EventType "blitz"]

1. e4 e5 2. Nf3 d5 3. exd5 e4 4. Qe2 Nf6 5. Nc3 Be7 6. d3 exf3 7. Qxf3 O-O 8.
Be3 Bb4 9. Be2 Nxd5 10. O-O Nxc3 11. bxc3 Bxc3 12. Rab1 Nc6 13. Bf4 Nd4 {Normal
} 0-1

[Event "Rated Blitz game"]
[Site "?"]
[Date "2021.07.31"]
[Round "?"]
[White "SolidMemory"]
[Black "Engvangchess"]
[Result "1-0"]
[WhiteElo "2437"]
[BlackElo "2355"]
[PlyCount "57"]
[EventDate "2021.??.??"]
[EventType "blitz"]

1. e4 e5 2. Nf3 d5 3. exd5 Bd6 4. d4 e4 5. Ne5 Nf6 6. Nc3 O-O 7. Bg5 c5 8. Nb5
Bxe5 9. dxe5 Qxd5 10. Bxf6 Qc6 11. Be7 Re8 12. Qd6 Na6 13. O-O-O Bg4 14. Rd2
Nb4 15. a3 Na6 16. h3 Be6 17. Be2 e3 18. fxe3 Qxg2 19. Rhd1 Qxh3 20. Bg5 h6 21.
Bf4 c4 22. Rg1 Kh8 23. Bf1 Qf5 24. Rh2 Rad8 25. Bxh6 g6 26. Bg5+ Kg8 27. Bxd8
c3 28. Bf6 cxb2+ 29. Kxb2 {Normal} 1-0

[Event "Rated Blitz game"]
[Site "?"]
[Date "2021.07.31"]
[Round "?"]
[White "ElDecano"]
[Black "KinzyabulatovRenat"]
[Result "0-1"]
[WhiteElo "2443"]
[BlackElo "2425"]
[PlyCount "72"]
[EventDate "2021.??.??"]
[EventType "blitz"]

1. e4 e5 2. Nf3 d5 3. exd5 e4 4. Qe2 Nf6 5. Nc3 Be7 6. Nxe4 Nxd5 7. d4 O-O 8.
c4 Bb4+ 9. Bd2 Bxd2+ 10. Nfxd2 Nb4 11. Nf3 Re8 12. O-O-O f5 13. Qd2 fxe4 14.
Ne5 a5 15. Qf4 Qf6 16. Qxe4 Nxa2+ 17. Kd2 c5 18. f4 cxd4 19. Bd3 g6 20. Qd5+
Qe6 21. Qf3 Nb4 22. Bb1 N8c6 23. Rhe1 Nxe5 24. Rxe5 Qf7 25. Rxe8+ Qxe8 26. Re1
Qf7 27. f5 Bxf5 28. Bxf5 Qxf5 29. Qxf5 gxf5 30. Re7 d3 31. Rxb7 Re8 32. Rb5
Re2+ 33. Kd1 Rxb2 34. Rxa5 d2 35. Ke2 Nd3 36. Rd5 Nf4+ {Normal} 0-1

[Event "Rated Blitz game"]
[Site "?"]
[Date "2021.07.31"]
[Round "?"]
[White "safyahmad1265"]
[Black "ahoramahora"]
[Result "0-1"]
[WhiteElo "2453"]
[BlackElo "2395"]
[PlyCount "94"]
[EventDate "2021.??.??"]
[EventType "blitz"]

1. e4 e5 2. Nf3 d5 3. exd5 e4 4. Qe2 Nf6 5. d3 Qxd5 6. Nc3 Bb4 7. dxe4 Bxc3+ 8.
bxc3 Qxe4 9. Qxe4+ Nxe4 10. Bd3 Nc5 11. O-O O-O 12. Ba3 Nbd7 13. Bf5 Re8 14.
Rfe1 Ne6 15. Nd4 Nb6 16. Re2 Nc4 17. Bc1 Bd7 18. Rb1 Nd6 19. Bxe6 Bxe6 20. Nxe6
Rxe6 21. Rxe6 fxe6 22. Bf4 b6 23. Rd1 Rd8 24. f3 Kf7 25. Kf2 Ke7 26. Ke2 h6 27.
h4 c6 28. g4 Nf7 29. Rd3 Rd5 30. Rxd5 cxd5 31. Kd3 e5 32. Be3 Kd6 33. c4 d4 34.
Bg1 Nd8 35. c3 dxc3 36. Kxc3 Ne6 37. Be3 Kc6 38. Kd3 Nc5+ 39. Kc3 a6 40. Bxc5
Kxc5 41. a4 g6 42. Kb3 Kd4 43. Kb4 Ke3 44. a5 bxa5+ 45. Kxa5 Kd4 46. Kb4 h5 47.
c5 Ke3 {Time forfeit} 0-1

[Event "Rated Blitz game"]
[Site "?"]
[Date "2021.07.30"]
[Round "?"]
[White "Kabila"]
[Black "ahoramahora"]
[Result "0-1"]
[WhiteElo "2508"]
[BlackElo "2437"]
[PlyCount "78"]
[EventDate "2021.??.??"]
[EventType "blitz"]

1. e4 e5 2. Nf3 d5 3. exd5 e4 4. Ne5 Qxd5 5. d4 exd3 6. Nxd3 Bf5 7. Nc3 Qd7 8.
Be2 Nf6 9. O-O Bd6 10. Bf3 Nc6 11. Re1+ Be6 12. Nf4 Bxf4 13. Bxf4 O-O-O 14.
Qxd7+ Bxd7 15. Nb5 Nb4 16. Nxc7 Nxc2 17. Rec1 Nxa1 18. Nb5+ Bc6 19. Nxa7+ Kd7
20. Nxc6 bxc6 21. Bxc6+ Ke6 22. Rxa1 Rc8 23. Ba4 Rhd8 24. Bb3+ Kf5 25. Be3 Nd5
26. Bd4 f6 27. f3 Nf4 28. Bf2 Rd2 29. g4+ Kg6 30. Be3 Nh3+ 31. Kh1 Rxb2 32. Be6
Ra8 33. a4 Nf2+ 34. Bxf2 Rxf2 35. a5 Kg5 36. a6 Ra7 37. Bd5 Kh4 38. Kg1 Rd2 39.
Ra3 Rxd5 {Normal} 0-1

[Event "Rated Blitz game"]
[Site "?"]
[Date "2021.07.30"]
[Round "?"]
[White "Kote-20C"]
[Black "lavilaine"]
[Result "1-0"]
[WhiteElo "2420"]
[BlackElo "2436"]
[PlyCount "47"]
[EventDate "2021.??.??"]
[EventType "blitz"]

1. e4 e5 2. Nf3 d5 3. exd5 e4 4. Ng1 f5 5. d3 Nf6 6. dxe4 fxe4 7. Bc4 c6 8.
dxc6 Qxd1+ 9. Kxd1 Nxc6 10. Ne2 Bg4 11. Be3 O-O-O+ 12. Ke1 Bb4+ 13. Nbc3 Ne5
14. Bb3 Bxe2 15. Kxe2 Bxc3 16. bxc3 b6 17. Rhd1 Kc7 18. Bf4 Rhe8 19. Rxd8 Kxd8
20. Rd1+ Kc8 21. h3 Ng6 22. Bg3 h5 23. Bc4 h4 24. Ba6# {Normal} 1-0

[Event "Rated Blitz tournament Ib4eMCk4"]
[Site "?"]
[Date "2021.07.30"]
[Round "?"]
[White "LordBendtner99"]
[Black "VVV-31"]
[Result "1/2-1/2"]
[WhiteElo "2489"]
[BlackElo "2262"]
[PlyCount "88"]
[EventDate "2021.??.??"]
[EventType "blitz"]

1. e4 e5 2. Nf3 d5 3. exd5 Bd6 4. Nc3 Nf6 5. Bb5+ c6 6. dxc6 Nxc6 7. d3 h6 8.
h3 O-O 9. O-O Bf5 10. Re1 Re8 11. Ne4 Bc7 12. Bc4 a6 13. a4 Rc8 14. Nfd2 Nd5
15. Qf3 Bg6 16. Bxd5 Nd4 17. Bxf7+ Bxf7 18. Qd1 Bg6 19. c3 Ne6 20. Nf3 Rf8 21.
Be3 Bh5 22. Qb3 Bf7 23. Qc2 Kh8 24. Rad1 Bh5 25. Ned2 Qf6 26. g4 Bg6 27. Nh2
Rcd8 28. Ne4 Qe7 29. Nf1 Nf4 30. Bxf4 Rxf4 31. Nfg3 Qh4 32. Kg2 Bb6 33. Re2
Rdf8 34. Rde1 Rf3 35. Qb3 Bxe4 36. Nxe4 Qxh3+ 37. Kg1 Qxg4+ 38. Kf1 Qh3+ 39.
Kg1 Rg3+ 40. Nxg3 Qxg3+ 41. Kh1 Qh3+ 42. Kg1 Qg3+ 43. Kh1 Qh3+ 44. Kg1 Qg3+ {
Normal} 1/2-1/2

[Event "Rated Blitz game"]
[Site "?"]
[Date "2021.07.30"]
[Round "?"]
[White "Kasteajedrez"]
[Black "ahoramahora"]
[Result "1-0"]
[WhiteElo "2450"]
[BlackElo "2418"]
[PlyCount "79"]
[EventDate "2021.??.??"]
[EventType "blitz"]

1. e4 e5 2. Nf3 d5 3. exd5 e4 4. Nd4 Qxd5 5. Nb3 Qe5 6. Qe2 Nc6 7. Nc3 Nf6 8.
f4 exf3 9. gxf3 Bf5 10. Qxe5+ Nxe5 11. Nd4 Bg6 12. f4 Ned7 13. f5 Bh5 14. Ncb5
O-O-O 15. Nxa7+ Kb8 16. Nac6+ bxc6 17. Nxc6+ Kc8 18. Nxd8 Kxd8 19. d4 Bd6 20.
Bd3 Re8+ 21. Kf1 Ng4 22. h3 Nh2+ 23. Kf2 Nf3 24. c3 c5 25. Be3 cxd4 26. Bxd4
Bc5 27. Bxc5 Nxc5 28. Bc2 Kc7 29. a4 Re5 30. a5 Kb7 31. b4 Ne4+ 32. Bxe4+ Rxe4
33. b5 Ne5 34. a6+ Ka7 35. b6+ Kxb6 36. a7 Nd3+ 37. Kg1 Nf4 38. a8=Q Ne2+ 39.
Kf2 Rf4+ 40. Ke3 {Time forfeit} 1-0

[Event "Rated Blitz game"]
[Site "?"]
[Date "2021.07.30"]
[Round "?"]
[White "abdelatifhamira"]
[Black "ahoramahora"]
[Result "0-1"]
[WhiteElo "2424"]
[BlackElo "2416"]
[PlyCount "38"]
[EventDate "2021.??.??"]
[EventType "blitz"]

1. e4 e5 2. Nf3 d5 3. d4 dxe4 4. Nxe5 Nd7 5. Nxd7 Bxd7 6. Bc4 Nf6 7. O-O Bd6 8.
Bb3 Bxh2+ 9. Kxh2 Ng4+ 10. Kg3 h5 11. Qe2 h4+ 12. Kh3 e3 13. Bxe3 Kf8 14. Bf4
Qf6 15. g3 Re8 16. Qd2 Ne3+ 17. g4 Bxg4+ 18. Kh2 Nxf1+ 19. Kh1 Nxd2 {Normal}
0-1

[Event "Rated Blitz game"]
[Site "?"]
[Date "2021.07.30"]
[Round "?"]
[White "YuaDewhirst"]
[Black "ahoramahora"]
[Result "0-1"]
[WhiteElo "2496"]
[BlackElo "2363"]
[PlyCount "50"]
[EventDate "2021.??.??"]
[EventType "blitz"]

1. e4 e5 2. Nf3 d5 3. Nxe5 Bd6 4. d4 dxe4 5. Nc3 Bxe5 6. dxe5 Qxd1+ 7. Kxd1 Nc6
8. Bb5 Nge7 9. Nxe4 Bf5 10. Ng3 O-O-O+ 11. Ke2 Bxc2 12. f4 a6 13. Bxc6 Nxc6 14.
Be3 Nd4+ 15. Kf2 Nf5 16. Rac1 Nxe3 17. Kxe3 Ba4 18. Ne4 Bc6 19. Nd6+ cxd6 20.
exd6 Rxd6 21. b4 Re8+ 22. Kf2 Rd2+ 23. Kg3 Rxg2+ 24. Kh4 Re6 25. Kh3 Rh6# {
Normal} 0-1

[Event "Rated Blitz game"]
[Site "?"]
[Date "2021.07.30"]
[Round "?"]
[White "knightking64"]
[Black "ahoramahora"]
[Result "0-1"]
[WhiteElo "2456"]
[BlackElo "2404"]
[PlyCount "38"]
[EventDate "2021.??.??"]
[EventType "blitz"]

1. e4 e5 2. Nf3 d5 3. exd5 e4 4. Nd4 Qxd5 5. Nb3 Qe5 6. Be2 Nf6 7. d4 exd3 8.
Qxd3 Bf5 9. Qb5+ Qxb5 10. Bxb5+ c6 11. Nd4 Bg6 12. Be2 Bc5 13. Nb3 Bb6 14. Na3
Nbd7 15. Bg5 O-O 16. O-O-O Rfe8 17. Rhe1 Bxf2 18. Rf1 Rxe2 19. Nd4 Bxd4 {Normal
} 0-1

[Event "Rated Blitz game"]
[Site "?"]
[Date "2021.07.30"]
[Round "?"]
[White "CQQQ30"]
[Black "Fantastic_power06"]
[Result "1-0"]
[WhiteElo "2713"]
[BlackElo "2663"]
[PlyCount "119"]
[EventDate "2021.??.??"]
[EventType "blitz"]

1. e4 e5 2. Nf3 d5 3. d3 Bd6 4. exd5 Nf6 5. Nc3 O-O 6. Be2 Bb4 7. O-O Nxd5 8.
Nxd5 Qxd5 9. a3 Be7 10. Re1 Nc6 11. h3 Bf5 12. Be3 Rad8 13. Qc1 Rfe8 14. b4 e4
15. dxe4 Bxe4 16. c4 Qf5 17. Ra2 Bf6 18. Rd2 h6 19. Red1 Rxd2 20. Rxd2 Rd8 21.
c5 Rxd2 22. Qxd2 Qd5 23. Qxd5 Bxd5 24. Bf4 a6 25. Bxc7 Bb2 26. b5 axb5 27. Bxb5
Bxa3 28. Bb6 Bxf3 29. gxf3 Nd4 30. Bd7 Nb3 31. c6 bxc6 32. Bxc6 Nd2 33. Kg2 Nc4
34. Bd4 Bd6 35. Bd5 Na3 36. Be3 Nb5 37. Bc4 Nc7 38. f4 g6 39. Kf3 Kg7 40. Ke4
Be7 41. f5 g5 42. Bd4+ Bf6 43. Bb6 Ne8 44. Kd5 Be7 45. Kc6 Ba3 46. Bd4+ Nf6 47.
Kc7 h5 48. Be2 Bb4 49. Bxh5 Be7 50. Be2 Kf8 51. Bf3 Ne8+ 52. Kd7 Bf6 53. Bc5+
Kg7 54. Kxe8 Be5 55. Bd5 f6 56. Bf8+ Kh7 57. Kf7 Bd4 58. Bf3 Bxf2 59. Bh5 g4
60. Bg6+ {Normal} 1-0

[Event "Rated Blitz tournament Ib4eMCk4"]
[Site "?"]
[Date "2021.07.30"]
[Round "?"]
[White "Vovan2011"]
[Black "Secret2700"]
[Result "0-1"]
[WhiteElo "2271"]
[BlackElo "2532"]
[PlyCount "48"]
[EventDate "2021.??.??"]
[EventType "blitz"]

1. e4 e5 2. Nf3 d5 3. exd5 e4 4. Nd4 Qxd5 5. Nb3 Nc6 6. Nc3 Qe5 7. Bc4 Bd6 8.
Qe2 Nf6 9. d3 Bg4 10. Qe3 Nb4 11. Nd4 Qxd4 12. Qxd4 Nxc2+ 13. Kd2 Nxd4 14. dxe4
O-O-O 15. f3 Bf4+ 16. Ke1 Bxc1 17. Rxc1 Be6 18. Bxe6+ Nxe6 19. Kf2 Rd2+ 20. Ke3
Rxb2 21. Rhd1 Rd8 22. Rxd8+ Kxd8 23. e5 Nd7 24. Nd5 c6 {Normal} 0-1

[Event "Rated Blitz game"]
[Site "?"]
[Date "2021.07.30"]
[Round "?"]
[White "e4c5g3"]
[Black "annaly1979"]
[Result "1-0"]
[WhiteElo "2505"]
[BlackElo "2438"]
[PlyCount "85"]
[EventDate "2021.??.??"]
[EventType "blitz"]

1. e4 e5 2. Nf3 d5 3. d4 dxe4 4. Nxe5 Bd6 5. Nc4 Nf6 6. Nxd6+ cxd6 7. c3 h6 8.
d5 O-O 9. Bc4 Bf5 10. O-O Nbd7 11. Qd4 a6 12. a4 Rc8 13. Bf4 Qc7 14. Nd2 Nh5
15. Be3 Ne5 16. Be2 Nf6 17. a5 Ng6 18. Bxh6 Qc5 19. Be3 Qxd5 20. Qxd5 Nxd5 21.
Bd4 Ndf4 22. Bd1 d5 23. Nb3 Nd3 24. Rb1 Rfe8 25. Bc2 Ngf4 26. Kh1 Rc6 27. g3
Ne2 28. Bxd3 exd3 29. Be3 Be4+ 30. f3 Bg6 31. Bd2 Rc4 32. Kg2 Rec8 33. Rbe1 Ra4
34. Ra1 Rcc4 35. Kf2 f6 36. Ke3 Rxa1 37. Rxa1 Rc6 38. Ra4 Re6+ 39. Kf2 Kf7 40.
Rb4 Re7 41. Nc5 Rc7 42. Rxb7 d4 43. Rxc7+ {Normal} 1-0

[Event "Rated Blitz game"]
[Site "?"]
[Date "2021.07.30"]
[Round "?"]
[White "tuprofedeajedrez"]
[Black "annaly1979"]
[Result "0-1"]
[WhiteElo "2453"]
[BlackElo "2440"]
[PlyCount "84"]
[EventDate "2021.??.??"]
[EventType "blitz"]

1. e4 e5 2. Nf3 d5 3. Nxe5 Qe7 4. d4 f6 5. Nd3 Nc6 6. Be3 Qxe4 7. Nc3 Qf5 8.
Nf4 Bb4 9. Bd3 Qd7 10. Qh5+ Kf8 11. Ng6+ hxg6 12. Qxh8 Bxc3+ 13. bxc3 Qg4 14.
Qh3 Qxh3 15. gxh3 Bxh3 16. Bxg6 Nge7 17. Bd3 Nf5 18. Kd2 Re8 19. Bf4 Nh4 20.
Bxc7 Nf3+ 21. Kc1 Bg2 22. Rd1 Rc8 23. Bg3 Ne7 24. Kb2 Ng5 25. h4 Nf7 26. Re1
Bh3 27. h5 Rc6 28. a3 Rb6+ 29. Ka2 Rc6 30. Rab1 b6 31. Rb3 Bg4 32. Bg6 Nd8 33.
Re3 Nb7 34. Rb1 Nxg6 35. hxg6 Bf5 36. Rg1 Bxc2 37. Kb2 Be4 38. f3 Bf5 39. Bf4
Na5 40. Ka2 Nc4 41. Ree1 b5 42. Bd2 Nxd2 {Normal} 0-1

[Event "Rated Blitz game"]
[Site "?"]
[Date "2021.07.30"]
[Round "?"]
[White "aaddaamm"]
[Black "Nmayorga92"]
[Result "0-1"]
[WhiteElo "2437"]
[BlackElo "2384"]
[PlyCount "46"]
[EventDate "2021.??.??"]
[EventType "blitz"]

1. e4 e5 2. Nf3 d5 3. exd5 e4 4. Qe2 Nf6 5. Nc3 Bd6 6. Nxe4 O-O 7. Nxf6+ Qxf6
8. Qc4 b5 9. Qd4 Re8+ 10. Kd1 Qg6 11. Be2 Bf5 12. d3 c5 13. dxc6 Nxc6 14. Qd5
Nb4 15. Qxb5 Rab8 16. Qa5 Qxg2 17. Rg1 Qxf2 18. Bd2 Qxe2+ 19. Kc1 Nxd3+ 20.
cxd3 Rec8+ 21. Bc3 Bf4+ 22. Nd2 Qxd2+ 23. Kb1 Qxd3# {Normal} 0-1

[Event "Rated Blitz game"]
[Site "?"]
[Date "2021.07.30"]
[Round "?"]
[White "maratgil"]
[Black "pasha1984"]
[Result "0-1"]
[WhiteElo "2404"]
[BlackElo "2400"]
[PlyCount "120"]
[EventDate "2021.??.??"]
[EventType "blitz"]

1. e4 e5 2. Nf3 d5 3. Nxe5 dxe4 4. Bc4 Qg5 5. Bxf7+ Ke7 6. d4 Qxg2 7. Rf1 Nc6
8. Nxc6+ bxc6 9. Bc4 Nf6 10. Nc3 Be6 11. Qe2 Bd5 12. Be3 Qf3 13. Qxf3 exf3 14.
Bxd5 Nxd5 15. Nxd5+ cxd5 16. Kd2 Kd7 17. b3 Bd6 18. h3 Rhf8 19. Rg1 g6 20. Bh6
Rf5 21. Rae1 Re8 22. Rxe8 Kxe8 23. Re1+ Kd7 24. Kd3 c5 25. dxc5 Bxc5 26. Be3
Bxe3 27. fxe3 Kd6 28. Kd4 Rh5 29. e4 Rh4 30. Rf1 Rxe4+ 31. Kd3 Rf4 32. Ke3 Ke5
33. Rxf3 d4+ 34. Kf2 g5 35. Rxf4 Kxf4 36. b4 Ke4 37. a4 Kd5 38. Kf3 Kc4 39. Kg4
Kxb4 40. Kxg5 Kxa4 41. Kh6 Kb4 42. Kxh7 a5 43. Kg6 a4 44. h4 a3 45. h5 a2 46.
h6 a1=Q 47. h7 d3 48. cxd3 Qh8 49. d4 Kc4 50. d5 Kxd5 51. Kh6 Ke6 52. Kg6 Ke7
53. Kh6 Kf6 54. Kh5 Qxh7+ 55. Kg4 Qe4+ 56. Kg3 Kg5 57. Kf2 Kf4 58. Kg1 Qc2 59.
Kf1 Kf3 60. Ke1 Qe2# {Normal} 0-1

[Event "Rated Blitz game"]
[Site "?"]
[Date "2021.07.30"]
[Round "?"]
[White "Werderfan1984"]
[Black "ahoramahora"]
[Result "1-0"]
[WhiteElo "2412"]
[BlackElo "2369"]
[PlyCount "101"]
[EventDate "2021.??.??"]
[EventType "blitz"]

1. e4 e5 2. Nf3 d5 3. Bc4 dxc4 4. d3 cxd3 5. cxd3 Nc6 6. Nc3 Bg4 7. h3 Bxf3 8.
Qxf3 Nd4 9. Qd1 Nf6 10. O-O Bd6 11. f4 exf4 12. e5 Bc5 13. exf6 Nc2+ 14. Kh1
Nxa1 15. Re1+ Kf8 16. fxg7+ Kxg7 17. Bxf4 Qd7 18. Qxa1 Rhe8 19. Rf1 f6 20. Qd1
Rad8 21. Qh5 Kh8 22. Rf3 Bd4 23. Ne4 Bxb2 24. Qh4 Qg7 25. Bh6 Qg6 26. Rg3 Rxe4
27. dxe4 Rd1+ 28. Kh2 Be5 29. Bf4 Bxf4 30. Qxf4 Qf7 31. e5 Rd8 32. exf6 Rg8 33.
Rxg8+ Kxg8 34. Qg5+ Qg6 35. Qd5+ Qf7 36. Qxb7 Qxf6 37. Qd5+ Qf7 38. Qg5+ Kf8
39. Qd8+ Qe8 40. Qxc7 Qe7 41. Qxe7+ Kxe7 42. Kg3 Kd6 43. Kf4 Kc5 44. Kg5 Kb4
45. Kh6 Ka3 46. Kxh7 Kxa2 47. g4 a5 48. g5 a4 49. g6 a3 50. g7 Kb3 51. g8=Q+ {
Normal} 1-0

[Event "Rated Blitz game"]
[Site "?"]
[Date "2021.07.30"]
[Round "?"]
[White "Naruito64"]
[Black "blackwolfrun"]
[Result "1-0"]
[WhiteElo "2436"]
[BlackElo "2290"]
[PlyCount "111"]
[EventDate "2021.??.??"]
[EventType "blitz"]

1. e4 e5 2. Nf3 d5 3. Nxe5 Bd6 4. d4 dxe4 5. Bc4 Bxe5 6. Qh5 Qe7 7. Qxe5 Qxe5
8. dxe5 Nc6 9. Bf4 Nge7 10. Bg3 O-O 11. O-O Nf5 12. Bf4 Be6 13. Bxe6 fxe6 14.
c3 g5 15. Bxg5 Nxe5 16. Nd2 Nd6 17. Be7 Rf4 18. Rfe1 Kf7 19. Bxd6 cxd6 20. Rxe4
Rxe4 21. Nxe4 d5 22. Nd2 Nd3 23. Rb1 Rg8 24. Kf1 e5 25. g3 e4 26. Ke2 Ke6 27.
Nb3 Rf8 28. f4 Kf5 29. Ke3 Kg4 30. Nd4 Kh3 31. f5 Kxh2 32. g4 Kg2 33. Ne6 Rg8
34. Nf4+ Nxf4 35. Kxf4 Kf2 36. Rh1 e3 37. Rh2+ Kg1 38. Rxh7 e2 39. Re7 Kf1 40.
f6 e1=Q 41. Rxe1+ Kxe1 42. g5 Kd2 43. f7 Rf8 44. g6 Kc2 45. Ke5 Kxb2 46. Kxd5
Kxc3 47. g7 Rxf7 48. g8=Q Rd7+ 49. Kc5 Rc7+ 50. Kb5 Rc6 51. Qg7+ Kc2 52. Qxb7
Rb6+ 53. Qxb6 axb6 54. Kxb6 Kc3 55. a4 Kb4 56. a5 {Time forfeit} 1-0

[Event "Rated Blitz game"]
[Site "?"]
[Date "2021.07.30"]
[Round "?"]
[White "kivanchaznedaroglu"]
[Black "Fantastic_power06"]
[Result "1-0"]
[WhiteElo "2648"]
[BlackElo "2701"]
[PlyCount "139"]
[EventDate "2021.??.??"]
[EventType "blitz"]

1. e4 e5 2. Nf3 d5 3. Nxe5 Bd6 4. d4 dxe4 5. Nc4 Nc6 6. Ne3 Nf6 7. Be2 Bf4 8.
c3 Be6 9. Na3 Qd7 10. Qa4 O-O 11. Bd2 a6 12. Qc2 b5 13. Nf1 Bxd2+ 14. Qxd2 Nd5
15. Nc2 f5 16. f4 exf3 17. Bxf3 Rae8 18. O-O-O Nb6 19. Kb1 Nc4 20. Qf2 Bd5 21.
Nd2 Kh8 22. Rhe1 Qd6 23. Bxd5 Qxd5 24. Nxc4 bxc4 25. Rxe8 Rxe8 26. Re1 Rb8 27.
Re2 h6 28. Qf3 Qb5 29. Ne3 Nxd4 30. cxd4 c3 31. b3 Qd3+ 32. Rc2 Re8 33. Nd1
Qxd4 34. Nxc3 f4 35. h3 Re3 36. Qa8+ Kh7 37. Qc6 a5 38. Qc4 Qe5 39. Kb2 c5 40.
Re2 Qf6 41. Rxe3 fxe3 42. Qe4+ Kg8 43. Qe8+ Kh7 44. Qxe3 Qd6 45. Qe4+ Kh8 46.
Kc2 Qg3 47. Qe8+ Kh7 48. Qe4+ Kh8 49. Ne2 Qf2 50. Qf3 Qe1 51. Qf8+ Kh7 52. Qf5+
Kh8 53. Qe4 Qa1 54. a4 Qa2+ 55. Kc3 Qa1+ 56. Kc4 Qa3 57. Qa8+ Kh7 58. Qxa5 Qa2
59. Qc3 Qxe2+ 60. Qd3+ Qxd3+ 61. Kxd3 Kg6 62. a5 Kf5 63. a6 c4+ 64. Kxc4 Kf4
65. a7 g5 66. a8=Q Kg3 67. Qf3+ Kh2 68. Qg4 Kg1 69. h4 gxh4 70. Qxh4 {Normal}
1-0

[Event "Rated Blitz game"]
[Site "?"]
[Date "2021.07.30"]
[Round "?"]
[White "RodrigoDropa"]
[Black "ahoramahora"]
[Result "1-0"]
[WhiteElo "2421"]
[BlackElo "2384"]
[PlyCount "133"]
[EventDate "2021.??.??"]
[EventType "blitz"]

1. e4 e5 2. Nf3 d5 3. Nxe5 Bd6 4. d4 dxe4 5. Nc4 Nf6 6. Nxd6+ Qxd6 7. c4 O-O 8.
Nc3 a6 9. Be3 Nc6 10. Be2 Bf5 11. O-O Rad8 12. d5 Ne5 13. Bd4 c6 14. c5 Qb8 15.
d6 Ned7 16. b4 Be6 17. Re1 b6 18. Bf1 bxc5 19. bxc5 Qa7 20. Nxe4 Nxe4 21. Rxe4
Nxc5 22. Re5 Bd5 23. Bc4 Rxd6 24. Bxd5 Rxd5 25. Rxd5 cxd5 26. Rc1 Rc8 27. Qh5
Qe7 28. Qxd5 Re8 29. Be3 Ne6 30. Qc4 Qb7 31. h3 h6 32. Qc6 Qxc6 33. Rxc6 Ra8
34. a4 Nd8 35. Rc7 Ne6 36. Rb7 Nd8 37. Rb6 Ne6 38. a5 g6 39. Bxh6 Nc5 40. Be3
Ne4 41. Kf1 Nc3 42. Ke1 Nd5 43. Rb7 Nxe3 44. fxe3 Re8 45. Kf2 Re5 46. Ra7 Rxa5
47. Kf3 Kg7 48. e4 Ra3+ 49. Kf4 Ra4 50. g4 Ra5 51. g5 Ra4 52. h4 Ra5 53. Rb7
Ra4 54. Rb6 Ra5 55. Rf6 Ra4 56. Rb6 Ra5 57. Rb7 Ra4 58. Ra7 Ra5 59. Ke3 Ra3+
60. Kd4 Rh3 61. Rxa6 Rxh4 62. Ra5 Rg4 63. Re5 f6 64. Re7+ Kf8 65. gxf6 Rf4 66.
Ke5 Rf3 67. Ke6 {Time forfeit} 1-0